000 00784nam a22002175i 4500
001 164796
003 ES-MaACL
005 20250721062642.0
008 990423s1890 sp |||| | spa d
040 _aCCPB | B
_bspa
_cCCPB | B
100 1 _aSaralegui y Medina, Leandro de.
_9132473
245 1 0 _aTratado de economía política /
_cpor Leandro de Saralegui y Medina.
250 _a3ª ed.
260 _aFerrol :
_b[s.n.],
_c1890 (
_fImprenta y librería de R. Pita)
300 _a[2], 509 p. ;
_c24 cm.
500 1 _aConsta en port.: "Obra declarada de texto para el estudio de esta asignatura en la Escuela de Administración Naval ..."
597 1 _aAntep.
650 0 7 _aEconomía
_2embne
_912006
852 _aES-MaACL
_jF-1979
_z-- Enc. pasta
999 _c164796
_d164796